00781cam a2200205 a 4500008004100000020002100041100002000062245015200082260003100234300002900265440002800294504004100322505007700363650004100440650004600481653002100527003000100548005001700549040000900566  a9231037927(pbk.)1 aSasson, Albert.10aBiotechnologies in developing countries :bpresent and future.nVolume 3 Regional and subregional co-operation and joint ventures /cAlbert Sasson. aParis :bUNESCO,c2000.  axviii, 1103 p. ;c24 cm. 0aFuture-oriented studies aIncludes bibliographical references.1 av. 1. Regional and national survey -- v. 2. International co-operation.  0aBiotechnologyzDeveloping countries. 0aBiotechnologyxInternational cooperation. aBiotechnologies.20230123134043.0 cNUST